000 nam a22 7a 4500
999 _c10553
_d10553
008 180219b ||||| |||| 00| 0 eng d
100 _aKumar,P.
_96458
245 _aLearnwell Computers-V
260 _aNew Delhi
_bHoly Faith